[Event "MNE-ch (Women)"]
[Site "Podgorica"]
[Date "2023.12.03"]
[Round "6"]
[White "Bajic, Marija"]
[Black "Milovic, Sofija"]
[Result "0-1"]
[WhiteElo "1412"]
[BlackElo "1290"]
[PlyCount "98"]
[EventDate "2023.11.29"]
[EventType "swiss"]
[EventRounds "7"]
[EventCountry "MNE"]
[SourceTitle "CB50_2023"]
[SourceDate "2023.12.13"]
[SourceVersion "1"]
[SourceVersionDate "2023.12.13"]
[SourceQuality "1"]

1. e4 d5 2. exd5 Qxd5 3. Nc3 Qd8 4. d4 Nf6 5. Nf3 e6 6. Be2 Be7 7. 0-0 0-0 8. Re1 b6 9. Bf4 Bb7 10. Qd2 Nbd7 11. Nb5 c5 12. Rad1 Nd5 13. Nd6 Bxd6 14. Bxd6 Re8 15. Bb5 cxd4 16. Qxd4 a6 17. Bxd7 Qxd7 18. Be5 f6 19. Bg3 b5 20. b3 Qc6 21. Qd2 e5 22. Nh4 Rad8 23. Nf5 Nf4 24. Ne7+ Rxe7 25. Qxd8+ Kf7 26. f3 Qc5+ 27. Kf1 Ne6 28. Qd3 b4 29. Bf2 Qa5 30. Qc4 Rc7 31. Qd3 Bc6 32. Kg1 Bb5 33. Qd2 Qxa2 34. c4 Qxd2 35. Rxd2 Bc6 36. Ra1 Bb7 37. Bb6 Re7 38. Ra4 a5 39. Rxa5 Bc6 40. Rd6 Be8 41. c5 Nd4 42. Ra4 Bxa4 43. bxa4 b3 44. Ba5 Rb7 45. Bc3 Ne2+ 46. Kf2 Nxc3 47. c6 Rc7 48. Rd2 Rxc6 49. Rb2 Nd1+ 0-1

[Event "MNE-ch (Women)"]
[Site "Podgorica"]
[Date "2023.11.30"]
[Round "2"]
[White "Bajic, Marija"]
[Black "Popovic, Mateja"]
[Result "0-1"]
[WhiteElo "1412"]
[BlackElo "1772"]
[PlyCount "60"]
[EventDate "2023.11.29"]
[EventType "swiss"]
[EventRounds "7"]
[EventCountry "MNE"]
[SourceTitle "CB50_2023"]
[SourceDate "2023.12.13"]
[SourceVersion "1"]
[SourceVersionDate "2023.12.13"]
[SourceQuality "1"]

1. e4 c5 2. Nf3 e6 3. d4 cxd4 4. Nxd4 Nc6 5. Nc3 Qc7 6. Be3 a6 7. Qd2 Nf6 8. f3 Be7 9. 0-0-0 b5 10. g4 Rb8 11. a3 b4 12. axb4 Bxb4 13. Bf4 Ne5 14. Bxe5 Qa5 15. Nb3 Qxe5 16. Qd4 Qf4+ 17. Nd2 0-0 18. Qa7 Bxc3 19. bxc3 d5 20. exd5 Nxd5 21. Qd4 Qc7 22. Bc4 Bb7 23. h4 Rfd8 24. h5 Nb6 25. Qe3 Nxc4 26. Nxc4 Qxc4 27. h6 Qa2 28. Qb6 Qa1+ 29. Qb1 Qxb1+ 30. Kxb1 Bxf3+ 0-1